01936nam a22002538i 4500001001900000003000600019007000300025008004100028020001800069035002000087035002400107040003800131041001300169245003600182250002000218260003700238300004900275490003000324520119100354650006001545650004301605655001701648655001701665991027022417707026UkOxUt|240110s2024 vra 000|0|eng|d a9781788680615 a()9781788680615 a(StEdALDL)1/4419794 aStDuBDSbengcStDuBDSerdadUkOxU0 aengager00aGerman phrasebook & dictionary. aEighth edition. aCarlton :bLonely Planet,c2024. a272 pages :billustrations (color) ;c14 cm.0 aLonely Planet phrasebooks aLonely Planet's German Phrasebook and Dictionary is your handy passport to culturally enriching travels with the most relevant and useful German phrases and vocabulary for all your travel needs. Order a beer at Oktoberfest, buy a ticket to the opera or chat with locals; all with your trusted travel companion. Get More From Your Trip with Easy-to-Find Phrases for Every Travel Situation! Feel at ease with essential tips on culture, manners, idioms and multiple meanings — Order with confidence, explain food allergies, and try new foods with the menu decoder — Save time and hassles with vital phrases at your fingertips — Never get stuck for words with the 3500-word two-way, quick-reference dictionary — Be prepared for both common and emergency travel situations with practical phrases and terminology — Meet friends with conversation starter phrases — Get your message across with easy-to-use pronunciation guides. Inside Lonely Planet's German Phrasebook and Dictionary: Full-colour throughout — User-friendly layout organised by travel scenario categories — Survival phrases inside front cover for at-a-glance, on-the-fly cues — Convenient features. 0aGerman languagevConversation and phrase booksxEnglish 0aGerman languagevDictionariesxEnglish 0aPhrase books 0aDictionaries